000 00456cam a22001457a 4500
008 180718b2010 xxu||||| |||| 00| 0 eng d
082 _aBA27x54 Y1
100 _aYadav, Sushma
245 _aReservation and inclusive growth
_cby Sushma Yadav
260 _aNew Delhi
_bIndian Institute of Public Administration
_c2010
300 _a62p.
650 _aDalits -India
650 _aScheduled castes and scheduled tribes -India
650 _aReservations -Policy
999 _c502058
_d502058